000 00408nam a2200181Ia 4500
001 19347
005 20260306172646.0
008 260306t2005||||xx |||||||||||||| ||spa||
041 _aESP
082 _a658.8342
_bS29
100 _aSchiffman, Leon G.
_eAUT
245 0 _aComportamiento del consumidor
260 _c2005
300 _a
_c
650 _aGEN
654 _aCAN
942 _cLIB
_dJUS
_fJUS
_2ddc
_n
999 _c19347
_d19347